寂光與烈焰

資料類型: Book 圖書   書目號:50917

Leader xxxxxxxxxx
001 __ 102447/9/01
005 __ 20170410105844.641
010 0_ |a978-986-387-101-9|b平裝|d新臺幣599元
042 __ |anbic
100 __ |a20170410d2016    m  y0chiy50      e
101 0_ |achi
102 __ |atw
105 __ |ay   z   000ay
200 1_ |a寂光與烈焰|f成英姝著
205 __ |a初版
210 __ |a新北市中和區|cINK印刻文學出版|d2016[民105]
215 0_ |a604面|d21公分
225 12 |a印刻文學|v491
225 12 |a文學叢書|v491
700 _1 |a|b英姝|4681 __ |a857.7|b8389
801 _0 |atw|bLibDipper|c20170410|gCCR
詳細館藏(共 1 筆)
索 書 號登 錄 號冊次號館別 / 館藏地流通類型狀態加入預約清單電子資源
857.7 / 8389 1024479  圖書館 / 一樓普通區 可外借30天 在館   

| 條列資料




目錄查詢 分類查詢 個人資料 圖書薦購 新書查詢 閉館日 排行榜 更多電子資源 Hami書城 線上資料庫 登出

From : 216.73.217.87

  本日流通累計至 18:13:27 借閱 : 13 次 續借 : 0 次 歸還 : 10 次 預約 : 0 次 電子資源 : 0 次


內湖高中圖書館  PCLIS 版本  26.5.0.12